| 000 | 01673cad a22002775a 4500 | ||
|---|---|---|---|
| 001 | E148262 | ||
| 008 | 090825s2008 xxk s000 0 eng u | ||
| 020 | _a9780755970889 | ||
| 022 | 1 | _a0141-514X | |
| 035 | _a(Sirsi) u148262 | ||
| 041 | _aeng | ||
| 050 | 0 | 4 | _a711.1 |
| 110 |
_aScotland _bScottish Government _95344 |
||
| 245 | 0 | 0 |
_aPlanning advice note PAN 65 _bplanning and open space _h[electronic resource] |
| 260 |
_aEdinburgh _bScottish Government _c2008 |
||
| 490 |
_aPlanning Advice Note _v(65) |
||
| 505 | 2 | _aScotland's open space: an invaluable asset -- Policy framework -- The value of open space -- Types of open space -- Open space networks -- Spaces are places -- Open space strategies -- Development planning -- Development management -- Design, management and maintenance -- Conclusions -- Enquiries -- Annex 1: Land use classification incorporating PAN typology -- Annex 2: Additional funding sources -- Useful Contacts -- Selected References | |
| 520 | _aSets out the role of the planning system in safeguarding existing open spaces and establishing high quality new spaces. Also explains how local authorities can draw up open space strategies and provides examples of best practice. The PAN relates to open space in settlements such as villages, towns and major urban areas and supports "Scottish Planning Policy (SPP) 11: Open Space and Physical Activity". | ||
| 521 | _aAdvanced | ||
| 590 | _aKA | ||
| 650 | _aPAN65 | ||
| 651 | 4 |
_aScotland _y1999- |
|
| 690 |
_aPlanning and development _96259 |
||
| 856 | 4 | 0 |
_uhttps://www.scotland.gov.uk/Publications/2008/05/30100623/0 _zView the PAN free of charge at www.scotland.gov.uk... |
| 942 | _n0 | ||
| 999 |
_c109977 _d109977 |
||